Harbart / (Record no. 56753)
[ view plain ]
| 000 -LEADER | |
|---|---|
| fixed length control field | 00772nam a22002177a 4500 |
| 005 - DATE AND TIME OF LATEST TRANSACTION | |
| control field | 20230710122517.0 |
| 010 ## - LCCN (DPL NO) | |
| LC control number | ENG-103732 B-460876 ENG-137334 |
| 020 ## - INTERNATIONAL STANDARD BOOK NUMBER | |
| International Standard Book Number | 9789380658421 |
| Terms of availability | 275.00 |
| 035 ## - SYSTEM CONTROL NUMBER | |
| System control number | EN-87265 B-460876 EN-120866 |
| 037 ## - SOURCE OF ACQUISITION | |
| Source of stock number/acquisition | DBAD/PUB |
| 037 ## - SOURCE OF ACQUISITION | |
| Source of stock number/acquisition | Virtuous Pub/Ven |
| 082 ## - DEWEY DECIMAL CLASSIFICATION NUMBER | |
| Classification number | N |
| 100 ## - MAIN ENTRY--PERSONAL NAME | |
| Personal name | Bhattacharya, Nabarun |
| 245 ## - TITLE STATEMENT | |
| Title | Harbart / |
| Statement of responsibility, etc | by Nabarun Bhattacharya ; translated from Bengali by Arunava Sinha |
| 260 ## - PUBLICATION, DISTRIBUTION, ETC. (IMPRINT) | |
| Place of publication, distribution, etc | Chennai |
| Name of publisher, distributor, etc | Tranquebar Press |
| Date of publication, distribution, etc | 2011 |
| 270 ## - ADDRESS | |
| Address | Venkat Towers, 165, P.H. Road, Maduravoyal |
| City | Chennai |
| Postal code | 600095 |
| 300 ## - PHYSICAL DESCRIPTION | |
| Extent | 147p. |
| Dimensions | 20cm (pbk) |
| 700 ## - ADDED ENTRY--PERSONAL NAME | |
| 9 (RLIN) | 34731 |
| Personal name | Sinha, Arunava |
| 942 ## - ADDED ENTRY ELEMENTS (KOHA) | |
| Source of classification or shelving scheme | Dewey Decimal Classification |
| Item type | English Books |
| Call number suffix | BHA |
| Classification part | N |
| Withdrawn status | Lost status | Not for loan | Collection code | Home library | Current library | Date acquired | Source of acquisition | Cost, normal purchase price | Full call number | Barcode | Copy number | Cost, replacement price | Koha item type |
|---|---|---|---|---|---|---|---|---|---|---|---|---|---|
| Written-off vide DLB M. No. 383 dt 16.05.19 | Fiction | Central Library | Central Library | 14/06/2012 | Virtuous Pub/936/04.02.2012/28/18.01.2012/10.02.2012 | 195.00 | N BHA | B-460876 | 1 | 195.00 | English Books | ||
| Not For Loan | Fiction | D.B.Act.Division | D.B.Act.Division | 21/09/2011 | DBAD/PUB | 195.00 | N BHA | EN-87265 | 1 | 195.00 | English Books | ||
| Fiction | Narela | Narela | 10/07/2023 | DBAD/PUB | 275.00 | N BHA | EN-120866 | 1 | 275.00 | English Books |
